The saga of female foeticide in lndia/ (Record no. 10507)

MARC details
000 -LEADER
fixed length control field 00754 a2200217 4500
010 ## - LIBRARY OF CONGRESS CONTROL NUMBER
LC control number ENG-89357
020 ## - INTERNATIONAL STANDARD BOOK NUMBER
International Standard Book Number 8186722076
Terms of availability 545.00
035 ## - SYSTEM CONTROL NUMBER
System control number EN-72890
037 ## - SOURCE OF ACQUISITION
Source of stock number/acquisition DBAD / PUB
082 14 - DEWEY DECIMAL CLASSIFICATION NUMBER
Classification number 304.668
090 ## - LOCALLY ASSIGNED LC-TYPE CALL NUMBER (OCLC); LOCAL CALL NUMBER (OCLC)
-- 10806
-- 10806
100 1# - MAIN ENTRY--PERSONAL NAME
Personal name Jain, Ashok K.
245 1# - TITLE STATEMENT
Title The saga of female foeticide in lndia/
Statement of responsibility, etc by Ashok K. Jain
260 ## - PUBLICATION, DISTRIBUTION, ETC. (IMPRINT)
Place of publication, distribution, etc Delhi
Name of publisher, distributor, etc Socio Legal Offshoots,Ascent Publications
Date of publication, distribution, etc 2006
260 ## - PUBLICATION, DISTRIBUTION, ETC. (IMPRINT)
Name of publisher, distributor, etc t)
270 ## - ADDRESS
Address 21/29, Shakti Nagar,
City Delhi
State or province Delhi
Postal code 110007
Telephone number 23847953
Electronic mail address ascentlawpub@yahoo.com
300 ## - PHYSICAL DESCRIPTION
Extent xxiii, 214 p.
Dimensions 21 cm ( Hb.)
500 ## - GENERAL NOTE
General note Includes bibliographical references
942 ## - ADDED ENTRY ELEMENTS (KOHA)
Institution code [OBSOLETE] dpl
Koha item type English Books
Call number prefix 304.668/JAI
Holdings
Withdrawn status Lost status Source of classification or shelving scheme Damaged status Not for loan Collection code Home library Current library Source of acquisition Cost, normal purchase price Total Checkouts Full call number Barcode Date last seen Copy number Uniform Resource Identifier Cost, replacement price Price effective from Koha item type
    Dewey Decimal Classification   Not For Loan Non-fiction D.B.Act.Division D.B.Act.Division DBAD/PUB 545.00   304.668 JAI EN-72890 15/09/2008 1 11571 545.00 15/09/2008 English Books

© Delhi Public Library
Hit Counter
free hit counter